000 00707cam a2200205 a 4500
020 _a9789251069288
020 _a925106928X
040 _cDKU
082 _a597 FOO 2011 A082 Or.
100 1 _aRenaud, Claude B.
245 1 0 _aLampreys of the world :
_ban annotated and illustrated catalogue of lamprey species known to date /
260 _aRome :
_bFood and Agriculture Organization of the United Nations,
_c2011.
300 _avi, 109 p. :
_bill., col. maps. ;
_c30 cm.
490 1 _aFAO species catalogue for fishery purposes,
500 _a"FIR/Cat. 5."
500 _a"FAO fish finder."
650 0 _aLampreys.
710 2 _aFood and Agriculture Organization of the United Nations.
942 _cEK
999 _c15978
_d15978